<The> Impact of the Tax-Insurance Burden on Unemployment in Terms of Districts of the Slovak Republic

Vplyv daní na nezamestnanosť. Potvrdenie vzťahu, ktorý je predmetom štúdie. Pri výpočte daňového zaťaženia využívaný najmä vplyv nezdaniteľnej časti na daňovníka a jeho vplyv na daňový klin. Možno konštatovať, že tento vzťah poskytuje tvorcom hospodárskej politiky široký priestor na ovplyvňovanie ne...

Description complète

Enregistré dans:
Détails bibliographiques
Auteur principal: Girašek, Jakub, 1996-
Autres auteurs: Sika, Peter, 1975-
Format: Chapitre de livre
Langue:anglais
Sujets:
Tags: Ajouter un tag
Pas de tags, Soyez le premier à ajouter un tag!

MARC

LEADER 00000naa$a2200000$$$4500
001 0272549
005 20240502074309.5
041 0 |a eng 
044 |a SK 
245 1 0 |a <The> Impact of the Tax-Insurance Burden on Unemployment in Terms of Districts of the Slovak Republic  |c Jakub Girašek, Peter Sika 
520 |a Vplyv daní na nezamestnanosť. Potvrdenie vzťahu, ktorý je predmetom štúdie. Pri výpočte daňového zaťaženia využívaný najmä vplyv nezdaniteľnej časti na daňovníka a jeho vplyv na daňový klin. Možno konštatovať, že tento vzťah poskytuje tvorcom hospodárskej politiky široký priestor na ovplyvňovanie nezamestnanosti, najmä v regiónoch s vyššou mierou nezamestnanosti. 
610 2 0 |a zaťaženie daňové 
610 2 0 |a dane 
610 2 0 |a nezamestnanosť 
610 2 0 |a regióny 
610 2 0 |a Slovensko 
100 1 |a Girašek, Jakub, 1996- 
700 1 |a Sika, Peter, 1975-